|
|
|
|
| LEADER |
00773nab a2200229 i 4500 |
| 001 |
misc67378 |
| 005 |
20221003110311.0 |
| 008 |
220203s1929 hu o 0|| ger d |
| 040 |
|
|
|a SZTE Miscellanea Repozitórium
|b hun
|
| 041 |
|
|
|a ger
|
| 041 |
|
|
|a bul
|
| 100 |
1 |
|
|a Fehér Géza
|
| 245 |
1 |
0 |
|a Ostataci ot ezika na dunavskite prabalgari
|h [elektronikus dokumentum] /
|c Fehér Géza
|
| 260 |
|
|
|c 1929
|
| 300 |
|
|
|a p. 127-158.
|c 27 cm
|
| 490 |
0 |
|
|a Izvestiâ na Balgarskiâ Archeologičeski Institut
|
| 561 |
|
|
|a Németh Gyula hagyaték
|
| 591 |
|
|
|a XKEK 2905
|
| 650 |
|
4 |
|a Bölcsészettudományok
|
| 650 |
|
4 |
|a Történettudomány és régészet
|
| 695 |
|
|
|a Őstörténet - bolgár
|
| 856 |
4 |
0 |
|u http://misc.bibl.u-szeged.hu/67378/1/1581_noa_f33.pdf
|z Dokumentum-elérés
|